| 000 | 00578nam a2200193 a 4500 | ||
|---|---|---|---|
| 001 | 3640 | ||
| 003 | CDMR | ||
| 005 | 20131210121802.0 | ||
| 008 | 130130s1967||||||||||||||||||||||||||||d | ||
| 040 |
_aCDMR _bcat _cCDMR |
||
| 100 | 1 |
_aSiebert, Fred Seaton _91021 |
|
| 245 | 1 | 0 |
_aTres teorĂas sobre la prensa _b: en el mundo capitalista _cFred S. Siebert, Teodore Peterson |
| 260 |
_aBuenos Aires _c1967 _bDe la Flor |
||
| 300 |
_a123 p ; _c20 cm |
||
| 650 | 0 | 4 |
_91545 _aPremsa |
| 650 | 0 | 4 |
_92799 _aPeriodisme _xAspectes socials |
| 700 | 1 |
_94488 _aPeterson, Theodore |
|
| 942 |
_cMON _2udc |
||
| 999 |
_c3640 _d3640 |
||